Ruský trh je třeba pochopit
Rozhovor s Václavom Petříčkom o ekonomickej spolupráci Českej republiky a Ruska. Prekážky českého vývozu do Ruska. Využitie barteru v obchode s Ruskom. Vzájomný zahraničný obchod Českej republiky a Ruska.
Salvato in:
| Autore principale: | |
|---|---|
| Natura: | Capitolo di libro |
| Lingua: | ceco |
| Soggetti: | |
| Tags: |
Nessun Tag, puoi essere il primo ad aggiungerne!!
|
MARC
| LEADER | 00000naa a2200000 4500 | ||
|---|---|---|---|
| 001 | r037843 | ||
| 005 | 20230920100802.2 | ||
| 041 | 0 | |a cze | |
| 044 | |a CZ | ||
| 245 | 1 | 0 | |a Ruský trh je třeba pochopit |c Libuše Bautzová |
| 520 | |a Rozhovor s Václavom Petříčkom o ekonomickej spolupráci Českej republiky a Ruska. Prekážky českého vývozu do Ruska. Využitie barteru v obchode s Ruskom. Vzájomný zahraničný obchod Českej republiky a Ruska. | ||
| 610 | 2 | 0 | |a obchod zahraničný |
| 610 | 2 | 0 | |a Rusko |
| 610 | 2 | 0 | |a Česko |
| 610 | 2 | 0 | |a spolupráca hospodárska medzinárodná |
| 610 | 2 | 0 | |a obchod výmenný |
| 610 | 2 | 0 | |a deblokácia |
| 610 | 2 | 0 | |a vývoz |
| 610 | 2 | 0 | |a dovoz |
| 100 | 1 | |a Bautzová, Libuše | |